• 首页
  • 本馆介绍
  • 公告通知
  • 最新文献
  • 馆藏检索
  • 电子资源
  • 读者导购
  • 参考咨询
  • 我的图书馆
  • 登录
  • 详细信息显示
  • 放入我的书架
  • 预约/预借图书
  • 作者相关作品
  • 分类相关作品
  • 丛书相关作品
  • 出版社相关作品

书目信息

  • 表格格式
  • 工作单格式
  • 卡片格式
题名:
水文水利计算
    
 
作者: 李继清 , 门宝辉 主编
分册:  
出版信息: 北京   中国水利水电出版社  2021.1
页数: 308页
开本: 26cm
丛书名:
单 册:
中图分类: P333 , TV214
科图分类:
主题词: 水文计算--高等教育--教材 , 水利计算--高等教育--教材
电子资源:
ISBN: 978-7-5170-3464-3
000 01129nam0 2200277 45
001 012001002697
005 20141008104921.0
010    @a978-7-5170-3464-3@dCNY52.00
100    @a20151021d2015 em y0chiy50 ea
101 0  @achi
102    @aCN@b110000
105    @ay z 000yy
106    @ar
200 1  @a水文水利计算@Ashui wen shui li ji suan@b专著@f李继清,门宝辉主编
210    @a北京@c中国水利水电出版社@d2021.1
215    @a308页@d26cm
300    @a普通高等教育“十二五”规划教材 全国水利行业规划教材
330    @a本书阐述了工程水文设计和水利计算的基本原理与方法,以水文现象、水文统计、洪水频率分析、设计洪水计算、设计暴雨计算、城市及小流域设计洪水计算、最大可能暴雨(洪水)为水文分析计算的主要内容,同时,以年径流分析计算、水库兴利计算、水能计算和防洪计算等方面的知识为水利计算的主要内容,共同构成水文水利计算的两大组成部分。
606 0  @a水文计算@x高等教育@j教材
606 0  @a水利计算@x高等教育@j教材
690    @aP333@v5
690    @aTV214@v5
701  0 @a李继清@Ali ji qing@c(女,@f1972 )@4主编
701  0 @a门宝辉@Amen bao hui@4主编
801  2 @aCN@bBJSDL@c20211018
905    @b1344654-7@dP333@e183@f4
    
    水文水利计算/李继清,门宝辉主编.-北京:中国水利水电出版社,2021.1
    308页;26cm
    普通高等教育“十二五”规划教材 全国水利行业规划教材
    
    ISBN 978-7-5170-3464-3:CNY52.00
    本书阐述了工程水文设计和水利计算的基本原理与方法,以水文现象、水文统计、洪水频率分析、设计洪水计算、设计暴雨计算、城市及小流域设计洪水计算、最大可能暴雨(洪水)为水文分析计算的主要内容,同时,以年径流分析计算、水库兴利计算、水能计算和防洪计算等方面的知识为水利计算的主要内容,共同构成水文水利计算的两大组成部分。
●
相关链接 在E读中查询图书 在五车中查询图书 在当当中查询图书 在豆瓣中查询图书


正题名:水文水利计算     索取号:P333/183         预约/预借

序号 登录号 条形码 馆藏地/架位号 状态 备注
1 1344654   213446546   第二样本阅览室/ [索取号:P333/183] 在馆    
2 1344655   213446555   第三借阅区/ [索取号:P333/183] 在馆    
3 1344656   213446564   第三借阅区/ [索取号:P333/183] 在馆    
4 1344657   213446573   第三借阅区/ [索取号:P333/183] 在馆    
唐山师范学院图书馆 欢迎您!
大连网信软件有限公司© 版权所有